New Perspectives on the Harappan Culture in Light of Recent Excavations at Rakhigarhi: 2011–2017, Volume 1: Bioarchaeological Research on the Rakhigarhi Necropolis
محفوظ في:
المؤلف الرئيسي:
التنسيق: كتاب
اللغة: Undetermined
الوصول للمادة أونلاين: Login to view Source
الوسوم: إضافة وسم
لا توجد وسوم, كن أول من يضع وسما على هذه التسجيلة!
رقم الطلب:
| LEADER | 00564nmm a2200133Ia 4500 | ||
|---|---|---|---|
| 008 | 240716s9999||||xx |||||||||||||||||und|| | ||
| 020 | |a 9781803275918 | ||
| 020 | |a 9781803275925 | ||
| 100 | |a Vasant Shinde | ||
| 245 | 1 | 0 | |a New Perspectives on the Harappan Culture in Light of Recent Excavations at Rakhigarhi: 2011–2017, Volume 1: Bioarchaeological Research on the Rakhigarhi Necropolis |c Vasant Shinde |
| 264 | |b Archaeopress Archaeology |c 12-أكتوبر-23 | ||
| 856 | 4 | 0 | |u http://library.arce.org:8087/Archaeopress/Products/9781803275918 |
| 942 | |2 lcc |c EBOOK | ||
| 999 | |c 59006 |d 59006 | ||
